000 00986nam a2200325Ia 4500
001 Z_4009
003 CHAP
008 220113s1994 xx 000 0 und d
010 _a167069
020 _a968-426-638-3
040 _cCHAP
082 _a574.192 H37y 1994
100 _aHarper, Harold Anthony 1911 -
240 _aHarper´s ilustrated biochemistry
245 _aBioquímica de Harper /
_cHarold Anthony Harper; editror Robert K. Murray...[et. al.]; traductor María del Rosario Carsolio P.
250 _a13a ed.
260 _aMéxico :
_bEl Manual Moderno,
_c1994
300 _a961 p.
500 _aTraducido de la obra en inglés: Harper´s ilustrated biochemistry de 1993
503 _aej.1: 175477
650 _aBioquímica
_912849
700 _a Carsolio P., María del Rosario, tr.
_9139516
700 _aMurray, Robert K., ed.
_9139525
901 _a574.192 H37Y 1994
902 _aM
910 _a1994
942 _c1
942 _cc1
999 _c167069
_d167069